[Event "Yingmei Cup CHN-chT 2017"]
[Site "Guangdong"]
[Date "2017.12.04"]
[Round "21"]
[White "Muzychuk, Anna"]
[Black "Sun, Fanghui"]
[Result "0-1"]
[WhiteElo "2582"]
[BlackElo "2126"]
[Annotator "TA"]
[PlyCount "134"]
[EventDate "2017.??.??"]
[EventCountry "CHN"]
[SourceTitle "playchess.com"]
[Source "ChessBase"]
[SourceQuality "1"]

{[%evp 18,134,15,0,13,-20,12,-19,-20,-22,-22,-22,-22,-22,-15,-15,-18,-22,0,0,0,-7,0,-7,0,-6,0,0,0,0,0,0,27,0,0,0,0,0,22,0,0,0,28,-43,0,0,0,0,0,0,22,6,119,103,92,57,107,0,0,0,14,35,78,0,0,0,0,0,0,-16,-16,-83,-22,-86,-13,-104,-68,-379,20,22,745,-110,-118,-152,-97,-1859,-1812,-1773,-1379,-998,-698,-4786,-572,-12834,-12837,-12837,-12838,-12838,0,-801,0,-12839,-12839,-12838,-70,-12835,-12828,-10572,-2850,-12830,-882,-799,-675,-1604,-1584,-12843,-12843,-12844,-12841]} 1. e4 c5 2. Nc3 d6 3. Nge2 Nf6 4. g3 g6 5. Bg2 Bg7 6. O-O O-O 7. d3 Nc6 8. h3 Nd4 9. Be3 e5 10. f4 {LiveBook: 7 Games} Nxe2+ {B26: Closed Sicilian: 3 g3, lines with early Be3} 11. Qxe2 $146 ({Predecessor:} 11. Nxe2 exf4 12. Nxf4 Re8 13. g4 h6 14. c3 b6 15. Qd2 Bb7 16. c4 b5 17. b3 Qe7 18. Rae1 {0-1 (81) Arat,U (2402)-Hacker,J (2275) Warsaw 2016}) 11... exf4 (11... Nh5 $5 {[%cal Rh5g3]} 12. Qf3 exf4 13. gxf4 Bd7 $11) 12. gxf4 Nh5 {The position is equal.} 13. Qf2 f5 14. Rad1 Be6 15. d4 cxd4 16. Bxd4 fxe4 {Strongly threatening ...Bc4.} 17. Bxg7 Kxg7 18. Qd4+ Qf6 19. Qxe4 Rad8 20. Qd4 d5 21. Ne2 Bf5 22. Qxa7 Qxb2 23. Rb1 Qxc2 24. Nd4 Qd2 25. Rf2 Qc3 26. Rb3 Qe1+ 27. Rf1 Qd2 28. Rf2 Qe1+ 29. Rf1 Qd2 30. Qxb7+ (30. Rxb7+ $11 Kg8 31. Nc6) 30... Rf7 31. Nxf5+ gxf5 32. Qb6 Re8 33. Rb2 Qd3 34. Qf2 Ng3 (34... Nf6 $11) 35. Rb3 $1 $16 {[%cal Rb3d3]} Ne2+ 36. Kh2 Qc4 37. Qf3 (37. Re3 $1 $16 {[%cal Re3e8]} Rxe3 38. Qxe3) 37... d4 $11 38. Rf2 {Hoping for Bf1.} Nc3 39. Bf1 Qe6 40. Rb4 ({White should play} 40. Rd2 $1 $16) 40... Qd6 41. Rc4 Ne4 42. Rg2+ Kh8 43. Bd3 Nc5 44. Bf1 (44. Bc2 $1 $11) 44... Rfe7 (44... Rd7 $17) 45. Qf2 (45. Qa3 $11) 45... Re4 (45... Ne6 $1 $17 {White must now prevent ...Rd7.} 46. Qd2 Ra7) 46. Qg3 (46. Qh4 $1 $11 {keeps the balance.} Rf8 47. Rc1) 46... Ne6 $17 {...Re3 is the strong threat.} 47. Kh1 $2 {[%mdl 8192]} (47. Ra4 $1 $15) 47... Rxf4 $2 (47... Re3 $19 48. Qh4 Nxf4) 48. Bd3 $11 {aiming for Rc1.} Qd5 $2 {[%mdl 8192]} (48... Qe5 $11) 49. Rc1 $2 ({White has to play} 49. Rc7 $1 $18 {[%cal Rc7h7] Intending Rxh7+! and mate.} Qxg2+ 50. Kxg2) 49... Rf3 $17 {[%cal Bf4f3,Bf3d3,Bd3d1][%mdl 32]} 50. Qh4 {[#] Threatening mate with Qf6+.} Ng7 $40 {[%mdl 128] White is in trouble.} (50... Qe5 $142 $1 51. Qh5 Ng5 52. Rxg5 Rxd3) 51. Rc7 $2 {[%mdl 8192]} (51. Rd1 $17) 51... Rxd3 $19 52. Rcxg7 Rd1+ 53. Kh2 Qe5+ 54. R7g3 d3 (54... Re1 $142 55. Qg5 d3) 55. Qh5 Re1 56. Qg5 Re2 57. Kh1 Re1+ (57... Rxg2 $142 58. Rxg2 Qd4) 58. Kh2 $1 Re2 (58... Rc8 $142 59. a4 Re2) 59. Kh1 {[#] Qg8+! would kill now.} Rxg2 $1 60. Rxg2 {[%mdl 4096] Endgame KQR-KQR} Qe1+ $2 (60... Qd4 $19 61. Qc1 f4) 61. Rg1 $2 {[%mdl 8192]} (61. Kh2 $15 Qe5+ 62. Kh1) 61... Qe4+ {Black is clearly winning.} 62. Rg2 Qe5 (62... Qd4 $142 63. Qc1 f4) 63. a4 Rb8 (63... Qc3 $142 64. Kh2 Qd4) 64. Qc1 f4 65. Rf2 Re8 66. Qb2 Qxb2 67. Rxb2 Re2 {Precision: White = 26%, Black = 28%.} 0-1

[Event "Yingmei Cup CHN-chT 2017"]
[Site "Guangdong"]
[Date "2017.12.04"]
[Round "21"]
[White "Ju, Wenjun"]
[Black "Hong, Xing"]
[Result "1-0"]
[WhiteElo "2579"]
[BlackElo "2023"]
[Annotator "TA"]
[PlyCount "97"]
[EventDate "2017.??.??"]
[EventCountry "CHN"]
[SourceTitle "playchess.com"]
[Source "ChessBase"]
[SourceQuality "1"]

{[%evp 17,97,41,62,69,82,45,106,96,106,106,107,112,110,77,174,170,173,191,180,183,207,198,188,202,223,219,212,218,232,235,233,222,264,263,299,231,292,282,351,329,347,349,345,311,326,310,308,307,395,353,349,382,503,452,617,616,609,608,594,555,536,557,552,533,522,475,746,742,714,651,1113,1128,1070,1071,1197,1020,1183,1186,1110,1099,1712,1712]} 1. d4 Nf6 2. c4 g6 3. Nc3 Bg7 4. g3 O-O 5. Bg2 c5 6. d5 d6 7. Nf3 Nbd7 8. O-O a6 9. a4 b6 10. e4 {[%cal Be2e4,Be4e5][%mdl 32] E65: King's Indian: Fianchetto: 6...c5 7 0-0 without d5 by White} (10. h3 Rb8 11. Qc2 Ne8 12. Nd2 Nc7 13. f4 b5 14. axb5 axb5 15. cxb5 Nxb5 16. Nxb5 Rxb5 17. Nc4 Nb6 18. Na3 Rb4 {0-1 (34) Janchev,P (2150)-Raev,R (2259) Sunny Beach 2014}) 10... Ng4 11. Qc2 $146 ({Predecessor:} 11. Qe2 Nge5 12. Nxe5 Nxe5 13. h3 f6 14. f4 Nf7 15. Nd1 Rb8 16. Ne3 Bd7 17. Ra2 Qc7 {0-1 (43) Lukovski,L (1917)-Chirinos Cabrera,C (2009) Katerini 2014}) 11... e5 (11... Nde5 $14) 12. dxe6 {White is better.} fxe6 {[#]} 13. e5 $1 {[%mdl 512] And now Ng5 would win.} Bb7 {[#]} (13... dxe5 14. Ng5) 14. Ng5 $1 Bxg2 15. Kxg2 Ndxe5 {[#]} (15... Ngxe5 $16 16. Nxe6 Qf6 17. Nxf8 Qf3+ 18. Kg1 Rxf8) 16. h3 $1 $18 Nf6 {aiming for ...Qd7.} 17. Nxe6 Qd7 18. Nxf8 Qb7+ 19. f3 {Threatens to win with Ne6.} Rxf8 20. Qe2 Qf7 21. b3 Nc6 22. Rb1 Nh5 23. Ne4 Nd4 24. Qd3 Qc7 25. Be3 Nf5 26. Rbe1 Kh8 27. f4 Nxe3+ 28. Qxe3 ({Don't play} 28. Rxe3 Bd4 $18) 28... Bd4 29. Qf3 Ng7 30. Nc3 Nf5 31. Nd5 Qd8 32. Re4 b5 33. Rfe1 bxc4 34. bxc4 Kg7 35. Ne7 {White is clearly winning.} Rf7 {[%cal Rf5e7]} 36. Nxf5+ gxf5 37. Re8 Qd7 38. Qd5 Bf6 39. R8e6 Be7 40. Qa8 Bf8 41. Qxa6 Qb7+ (41... Qa7 $142 42. Qc6 Qa5) 42. Qxb7 Rxb7 {[%mdl 4096] Endgame KRR-KRB} 43. a5 {[%cal Ba4a5,Ba5a6][%mdl 32]} Kf7 44. R6e2 Ra7 45. Ra2 Bg7 46. a6 Bc3 47. Re3 Bb4 48. g4 Kf6 49. Re8 {Precision: White = 80%, Black = 29%.} 1-0

[Event "Yingmei Cup CHN-chT 2017"]
[Site "Guangdong"]
[Date "2017.12.04"]
[Round "21"]
[White "Zeng, Chongsheng"]
[Black "Wang, Yiye"]
[Result "0-1"]
[WhiteElo "2546"]
[BlackElo "2439"]
[Annotator "TA"]
[PlyCount "158"]
[EventDate "2017.??.??"]
[EventCountry "CHN"]
[SourceTitle "playchess.com"]
[Source "ChessBase"]
[SourceQuality "1"]

{[%evp 24,158,-14,-43,-20,-32,13,22,35,0,47,0,0,-48,-29,-63,37,-168,-166,-182,-141,-156,-138,-142,-134,-141,-141,-147,-119,-131,-139,-183,-189,-206,-153,-231,-231,-217,-217,-217,-202,-210,-113,-144,-124,-145,-138,-153,-114,-156,-156,-211,-211,-211,-211,-211,-211,-211,-211,-218,0,-211,0,-211,-211,-211,-211,-215,-205,-253,-253,-253,-213,-227,-213,-294,-280,-335,-312,-341,-321,-380,-376,-366,0,-379,-370,-345,-342,-345,-289,-329,-185,-225,-219,-207,-183,-182,-122,-529,-529,-554,-551,-660,-514,-493,-421,-489,-464,-597,-360,-350,-187,-487,-729,-719,-711,-676,-617,-579,-380,-479,-81,-463,0,-448,0,-378,-183,-1852,-1757,-29988,-29989,-29989,-29990,-29992,-29993]} 1. e4 e6 2. d4 d5 3. e5 c5 4. c3 Nc6 5. Nf3 Qb6 6. a3 c4 7. Nbd2 Na5 8. g3 Bd7 9. Bg2 Ne7 10. O-O h6 11. Re1 {C02: French: Advance Variation} O-O-O (11... Qc7 12. Rb1 Nc8 13. Nf1 Bb5 14. Bf4 Be7 15. h4 Nb6 16. Ne3 O-O-O 17. h5 Rdg8 18. Bh3 Be8 {1-0 (54) Motylev,A (2686)-Savchenko,B (2608) Moscow 2014}) 12. Rb1 Kb8 13. h4 {LiveBook: 4 Games. The position is equal.} Nc8 14. Nf1 $146 ({Predecessor:} 14. Qc2 Qc7 15. Nf1 Nb6 16. Bf4 Be7 17. Qe2 Rdg8 18. N3d2 Ba4 19. Rbc1 Qd7 20. Nh2 Qb5 21. Ndf1 Qb3 {½-½ (21) Zhelnin,V (2471)-Vaisser,A (2531) Katerini 2014}) 14... f5 15. exf6 $1 gxf6 16. Bh3 Nb3 17. Be3 Bd6 18. N3d2 Nxd2 19. Qxd2 h5 ({Better is} 19... Qc7 $15) 20. Bf4 $2 (20. Bh6 $1 $14 {keeps the upper hand.}) 20... Bxf4 $19 21. gxf4 Rdg8+ 22. Ng3 f5 23. Qe3 Qd8 24. Kh2 Qxh4 25. Rg1 Ka8 26. Rbf1 Nd6 27. Ne2 Ne4 28. f3 Nf6 29. Qe5 {[#]} (29. Rg5 $17 {might work better.}) 29... Ng4+ $1 {[%mdl 512]} 30. fxg4 hxg4 {[%csl Gg4,Gh8][%cal Rh4h3]} 31. Rg3 Qd8 {[%mdl 1024] Black has strong compensation.} 32. Ng1 Rh5 ({Black should play} 32... Ba4 $19 33. Nf3 gxf3 34. Rfxf3 Bd1) 33. Rf2 Rgh8 34. Re2 a6 35. Qd6 Qe8 (35... gxh3 36. Rg7 $17) 36. Ree3 Bc8 $36 {[%mdl 2048] White is under strong pressure.} 37. Qb4 (37. Kg2 $17) 37... Qd8 38. Qa4 Qc7 ({Don't take} 38... gxh3 39. Nf3) 39. Re5 Rh4 40. Qd1 Qh7 41. Ree3 Qc7 42. Re5 $1 Qh7 $2 (42... Ka7 $19 {...Bd7 is the strong threat.} 43. Qd2 Qg7) 43. Qd2 $2 (43. Ree3 $1 $11 {and White stays safe.} Qh6 44. Qf1) 43... Bd7 44. Re1 Qh6 (44... gxh3 45. Nf3 $17) 45. Qe3 gxh3 46. Ne2 Rg4 47. Reg1 Rhg8 48. Rxh3 Qg6 {aiming for ...Rg2+.} 49. Ng3 Ba4 50. Qf2 Qf6 51. Kg2 Qg7 52. Kh2 Qc7 53. Rf1 Qg7 54. Rg1 $1 Rh8 55. Rxh8+ Qxh8+ 56. Kg2 Qh6 57. Rf1 e5 (57... Qg7 $142 58. Rh1 Bc2 $1 {[%mdl 512]}) 58. Rh1 {[#]} Qg7 $1 ({But not} 58... Qxf4 59. Rh8+ Ka7 60. dxe5+ d4 61. cxd4 $17 (61. Qxf4 Rxf4 62. cxd4 Bc6+ 63. Kg1 Rxd4 $17)) 59. dxe5 {[#]} d4 $1 {[%mdl 512]} 60. Rh3 (60. cxd4 Bc6+) 60... d3 61. Kh2 $2 {[%mdl 8192]} (61. Qd4 $17) 61... Bc6 62. Qd4 Qg8 63. Qf2 Bd5 64. Qe3 Rg6 65. Qd4 Bf3 66. a4 Bg4 67. Rh4 Bd1 (67... Rg7 $142 {And now ...Bf3 would win.} 68. Rh6 Bf3) 68. Rh3 $2 (68. e6 Qxe6 69. Rh8+ Rg8 70. a5) 68... Bxa4 69. Kg2 Bc6+ 70. Kf2 Rg4 71. Qe3 Bd5 72. Qd4 Be4 $2 (72... Rg6 $19 {is more deadly.} 73. Qe3 {[#]} Be4 $1 {[%mdl 512]}) 73. Qe3 $2 {[%mdl 8192]} (73. e6 $17 {nothing else works.} Qxe6 74. Rh8+ Rg8 75. Rxg8+ Qxg8 76. Nxe4 fxe4 77. f5) 73... Bd5 74. Qd4 $1 Be4 75. Qe3 Kb8 (75... Rg6 $142 76. Qd4 Bd5) 76. Rh6 $2 (76. e6 Qxe6 77. Nxe4 fxe4 78. Rh8+ Rg8 79. Rxg8+ Qxg8 80. Qxe4) 76... d2 77. Qxd2 Rxg3 {Black mates.} 78. Qd6+ Ka8 79. Rh8 Rf3+ {Precision: White = 34%, Black = 46%.} 0-1

[Event "Yingmei Cup CHN-chT 2017"]
[Site "Guangdong"]
[Date "2017.12.04"]
[Round "21"]
[White "Muzychuk, Mariya"]
[Black "Zhu, Jiner"]
[Result "1/2-1/2"]
[WhiteElo "2544"]
[BlackElo "2363"]
[Annotator "TA"]
[PlyCount "149"]
[EventDate "2017.??.??"]
[EventCountry "CHN"]
[SourceTitle "playchess.com"]
[Source "ChessBase"]
[SourceQuality "1"]

{[%evp 29,149,13,17,-4,0,0,0,0,0,0,45,45,45,48,51,46,46,52,72,72,72,72,72,71,71,71,85,87,85,85,109,85,88,83,115,91,97,91,95,90,116,116,116,116,120,92,79,0,132,122,255,242,395,395,414,267,270,145,342,42,42,22,14,9,42,23,42,37,42,42,42,19,19,19,42,42,42,0,42,41,44,22,71,4,15,13,13,13,13,13,13,13,35,35,35,35,56,56,56,56,56,56,56,56,56,8,56,8,38,45,26,8,8,8,8,8,8,22,15,47,88,0]} 1. e4 c5 2. Nc3 Nc6 3. Nf3 d6 4. d4 cxd4 5. Nxd4 e6 6. Be3 Nf6 7. Be2 a6 8. O-O Qc7 9. f4 Be7 10. Qe1 Nxd4 11. Bxd4 b5 12. Bf3 Bb7 13. a3 O-O 14. Qg3 Rad8 15. Rad1 Bc6 {LiveBook: 8 Games} 16. f5 {B85: Sicilian Scheveningen: 6 Be2 a6, lines with early Be3} e5 17. Be3 Kh8 18. Qe1 $146 {The position is equal.} ({Predecessor:} 18. Rd3 a5 19. b4 h6 20. Qh3 axb4 21. axb4 Nh7 22. g4 Bg5 23. Bf2 Bb7 {0-1 (35) Garcia,H (2360)-Panno,O (2545) Pinamar 1975}) 18... Qb7 {[%cal Rf6e4]} 19. Bg5 h6 20. Bxf6 Bxf6 21. Nd5 Bxd5 22. Rxd5 Rc8 23. c3 Rfd8 24. Bd1 Qb6+ 25. Kh1 Rc5 26. Bb3 Rxd5 27. Bxd5 Rd7 28. h4 Qd8 29. g3 Kg8 30. Kg2 Rc7 31. Kh3 Kf8 32. Qe2 Kg8 33. Qh5 Ra7 34. Rd1 a5 35. Qe2 Qb6 36. Qd2 Qd8 37. Bc6 Qb6 38. Bd5 (38. Qd5 $142) 38... Qd8 $1 $16 39. Qf2 Ra6 (39... Rc7 $16 {is a better defense.}) 40. g4 $18 Be7 $2 (40... b4 41. cxb4 (41. axb4 axb4 42. cxb4 Ra4 $16) 41... axb4) 41. Rg1 b4 42. axb4 axb4 43. c4 ({White must play} 43. cxb4 $18 {Threatens to win with Qg3.} Ra4 44. Qg3) 43... Kf8 $2 {[#]} (43... Ra5 $16 {might work better.} 44. Qg3 Qb6) 44. Qg3 $2 (44. f6 $1 $18 {[%mdl 512]}) 44... f6 $1 $14 45. Qe3 Qc7 46. Rd1 Ke8 47. Be6 Ra5 48. Kg3 Kf8 49. Kf3 Ke8 50. Ke2 Qc6 51. Bd5 Qa6 52. Qd2 Qb6 53. Qe3 Qa6 54. Qb3 Qb6 55. Be6 Kd8 56. Rd5 ({White should play} 56. Kf3 $16) 56... Rxd5 57. cxd5 {next Qa4 is good for White.} Qg1 58. Qxb4 {[%cal Rb4b8]} Qxg4+ 59. Kd2 {[%cal Rb4b8]} Qf4+ 60. Kc2 {[%cal Rb4b8]} Qf2+ 61. Kb3 {[%cal Rb4b8]} Qe3+ 62. Ka4 {[%cal Rb4b8]} Qd4 63. Qxd4 exd4 {[%mdl 4096] Endgame KB-KB} 64. Kb4 Kc7 65. Kc4 Kb7 66. Kxd4 Bd8 67. Ke3 Ba5 68. Kf3 Be1 69. Kg4 Kb6 70. Kh5 Kc5 71. Kg6 {Black must now prevent h5.} Bxh4 72. Kxg7 Bg5 73. Kg6 Kd4 74. b4 Kc4 $1 {[#]} 75. Kh5 {Precision: White = 53%, Black = 43%.} (75. Bc8 $1 $16) 1/2-1/2

[Event "Yingmei Cup CHN-chT 2017"]
[Site "Guangdong"]
[Date "2017.12.04"]
[Round "21"]
[White "Harika, Dronavalli"]
[Black "Huang, Qian"]
[Result "1/2-1/2"]
[WhiteElo "2528"]
[BlackElo "2436"]
[Annotator "TA"]
[PlyCount "110"]
[EventDate "2017.??.??"]
[EventCountry "CHN"]
[SourceTitle "playchess.com"]
[Source "ChessBase"]
[SourceQuality "1"]

{[%evp 9,110,21,56,23,29,27,35,0,-5,-6,-6,0,0,-5,12,-11,14,12,57,57,54,51,47,56,81,46,41,33,72,72,116,97,115,105,119,67,70,82,66,70,54,27,41,41,41,41,43,43,43,43,45,52,61,53,52,56,70,51,44,27,28,27,27,27,27,44,37,27,27,27,27,27,27,27,27,6,7,0,0,0,0,0,0,0,0,0,0,0,0,0,0,0,0,0,0,0,0,0,0,0,0,0,0]} 1. c4 c6 2. Nf3 d5 3. e3 Nf6 4. Nc3 Bf5 5. cxd5 Nxd5 {LiveBook: 25 Games} 6. Nxd5 {A11: English Opening: 1...c6} (6. d4 e6 7. Bd3 Bxd3 8. Qxd3 Be7 9. O-O O-O 10. e4 Nf6 11. Rd1 Nbd7 12. h3 Qc7 13. Be3 Rfd8 14. Rac1 Qa5 15. Qb1 Rac8 16. e5 {1-0 (42) Deglmann,L (2303)-Krsnik Cohar,I (2353) Zadar 2016}) 6... Qxd5 7. d3 $146 {[#] Hoping for e4.} ({Predecessor:} 7. d4 Nd7 8. Bd3 Bxd3 9. Qxd3 Nc5 10. Qc2 Ne4 11. O-O e6 12. Nd2 Nf6 13. Qb3 Qd7 14. Nc4 Be7 15. Ne5 {0-1 (33) Humphrey Ventura,B (1805)-Gusi Puig,L (1940) Martorell 1997}) 7... Bg4 8. h3 {White is slightly better.} (8. Be2 {feels hotter.} e5 9. O-O Be7 10. h3 Bh5 11. e4) 8... Bxf3 9. Qxf3 Qxf3 10. gxf3 e5 11. Bd2 Na6 12. a3 Nc5 13. Bc3 Nb3 14. Rd1 f6 15. d4 exd4 16. exd4 {[%cal Be3d4,Bd4d5][%mdl 32]} b6 17. d5 O-O-O 18. dxc6 Rxd1+ 19. Kxd1 Kc7 20. Kc2 Na5 21. Rg1 Nxc6 22. h4 ({White should play} 22. b4 $16) 22... Ne5 $14 23. Rg3 g6 24. f4 Nd7 25. Bh3 Bd6 26. Re3 Rf8 27. f5 Be5 {[#]} 28. f4 $1 {[%mdl 512]} Bxf4 29. Re7 {Strongly threatening fxg6.} g5 30. hxg5 Bxg5 31. Rxh7 a5 32. Bf1 Kc6 33. Re7 Rh8 34. Re6+ Kc7 35. Bb5 {Threatens to win with Bxd7.} Rh2+ 36. Kb1 Rh1+ 37. Ka2 Rd1 38. Bxd7 (38. Re7 {is more complex.} Kc8 39. b4 axb4 40. axb4 Rd5 41. Bc6) 38... Rxd7 39. Bxf6 Bxf6 40. Rxf6 {[%mdl 4096] Endgame KR-KR} a4 41. Re6 Rd1 42. f6 Rf1 {The position is equal.} 43. b4 axb3+ 44. Kxb3 Kd7 45. Re7+ Kd6 46. Rf7 Ke6 47. Rb7 (47. Rf8 {keeps more tension.} Rxf6 48. Rh8 Rf4 49. a4 Kd5 50. Rh5+) 47... Kxf6 48. Rxb6+ Ke7 49. Kc4 Kd7 50. a4 Rc1+ 51. Kd5 Rd1+ 52. Kc5 Rc1+ 53. Kb5 Rb1+ 54. Ka6 Rxb6+ 55. Kxb6 {Kb7 is the strong threat.} Kc8 {Precision: White = 55%, Black = 76%.} 1/2-1/2

[Event "Yingmei Cup CHN-chT 2017"]
[Site "Guangdong"]
[Date "2017.12.04"]
[Round "21"]
[White "Liu, Qingnan"]
[Black "Bai, Jinshi"]
[Result "1/2-1/2"]
[WhiteElo "2512"]
[BlackElo "2553"]
[Annotator "TA"]
[PlyCount "127"]
[EventDate "2017.??.??"]
[EventCountry "CHN"]
[SourceTitle "playchess.com"]
[Source "ChessBase"]
[SourceQuality "1"]

{[%evp 22,127,24,0,39,25,31,0,19,0,15,-6,-11,-6,0,-6,0,-2,0,0,11,14,7,7,6,5,11,0,21,22,45,37,80,80,80,80,80,80,80,81,79,81,103,101,100,60,61,77,104,102,152,45,32,0,158,160,197,173,168,170,175,164,217,79,70,0,176,0,28,0,23,0,158,20,20,20,14,15,15,0,0,0,0,0,8,0,0,0,0,0,0,0,0,0,0,0,0,0,0,0,0,0,0,0,0,0,0,0]} 1. e4 e5 2. Nf3 Nf6 3. Nxe5 d6 4. Nf3 Nxe4 5. d4 d5 6. Bd3 Be7 7. O-O O-O 8. c4 Nf6 9. Nc3 Nc6 10. Re1 dxc4 11. Bxc4 Bg4 12. Be3 {LiveBook: 4 Partien. C42: Russische Verteidigung (Petrow)} (12. d5 Na5 13. Bd3 c6 14. h3 Bxf3 15. Qxf3 cxd5 16. Bg5 Nc6 17. Bxf6 Bxf6 18. Nxd5 Bd4 19. Rad1 Qg5 {½-½ (47) Danin,A (2595)-Kunin,V (2554) Werther 2014}) 12... Qd7 13. h3 Bh5 14. a3 $146 {Weiß steht etwas besser.} ({Vorgänger:} 14. d5 Bxf3 15. Qxf3 Ne5 16. Qe2 Nxc4 17. Qxc4 Ne8 18. Qf4 Nd6 19. Bd4 Rfe8 20. Re5 Bf6 21. Rxe8+ Nxe8 22. Rd1 {½-½ (22) Thorhallsson,T (2425)-Howell,J (2465) Hafnarfirdi 1992}) 14... Rad8 15. Rc1 a6 16. d5 Bxf3 17. Qxf3 Ne5 18. Qe2 Nxc4 19. Qxc4 b5 20. Qc6 Nxd5 21. Nxd5 (21. Qxd5 {looks sharper.} Qxd5 22. Nxd5 Rxd5 23. Rxc7 Bf6 24. b3) 21... Qxd5 22. Qxd5 Rxd5 23. Rxc7 Bf6 24. b4 Rd3 25. Bc5 Rfd8 26. Re3 Rxa3 27. Rxa3 Rd1+ 28. Kh2 Be5+ 29. g3 {Beabsichtigt Tc8+ und Matt.} Bxc7 30. Rxa6 $16 {[%mdl 4096] Endspiel KTL-KTL} h5 31. Kg2 Rd8 32. Kf3 f5 33. Ra7 Be5 34. Rb7 Rb8 35. Rd7 g6 36. Rd5 (36. h4 $1 $16) 36... Bf6 $1 $14 37. Rd7 (37. Rd6 $14 Kf7 38. Rd7+ Ke6 39. Ra7) 37... Be5 $1 $16 {[#]} 38. h4 $1 Re8 39. Rb7 Rb8 {[#]} 40. Re7 $1 {[%cal Re7e5]} Bf6 41. Rd7 Be5 (41... Rd8 $142 42. Rb7 Rd3+ 43. Kf4 Rc3) 42. Ba7 (42. Bd6 $18 {ist viel giftiger.} Bxd6 43. Rxd6) 42... Ra8 43. Bc5 (43. Be3 $14) 43... Re8 $2 (43... Rb8 $11 {und Schwarz muss sich keine Sorgen machen.}) 44. Rb7 (44. Bd4 $18) 44... Rb8 $1 $11 {[%cal Rb8b7]} 45. Re7 Bf6 $1 {[%cal Rf6e7]} 46. Rd7 (46. Rc7 $11) 46... Be5 $1 $16 47. Ke3 (47. Bd6 $16 Bxd6 48. Rxd6) 47... Re8 $11 {Die Stellung ist ausgeglichen.} 48. Kd3 f4 49. gxf4 Bxf4 50. Bd4 {Und weiter mit Tg7+ wäre nett.} Be5 $1 51. Rd5 Bxd4 $1 52. Kxd4 {KT-KT} Rf8 53. Rxb5 Rxf2 54. Re5 {zielt auf b5 ab.} Rb2 55. b5 {Schwarz muss nun Kc5 beachten.} Kf7 56. Kc5 Kf6 57. Rd5 Rc2+ 58. Kd6 {b6 ist eine echte Drohung.} Rc4 59. b6 Rxh4 60. Kc5 Re4 $1 61. Rd6+ Kf5 62. Rd5+ Kf6 $1 63. Rd6+ Kf5 64. Rd5+ {Precision: Weiß = 34%, Schwarz = 64%.} 1/2-1/2

[Event "Yingmei Cup CHN-chT 2017"]
[Site "Guangdong"]
[Date "2017.12.04"]
[Round "21"]
[White "Fang, Yuxiang"]
[Black "Grischuk, Alexander"]
[Result "1/2-1/2"]
[WhiteElo "2503"]
[BlackElo "2772"]
[Annotator "TA"]
[PlyCount "38"]
[EventDate "2017.??.??"]
[EventCountry "CHN"]
[SourceTitle "playchess.com"]
[Source "ChessBase"]
[SourceQuality "1"]

{[%evp 26,38,14,14,8,16,11,6,7,0,15,0,5,0,9]} 1. d4 Nf6 2. Nf3 e6 3. c4 c5 4. e3 cxd4 5. exd4 d5 6. Nc3 Bb4 7. cxd5 Nxd5 8. Bd2 O-O 9. Bd3 Nc6 10. O-O Be7 11. Nxd5 exd5 12. h3 Bf6 13. Bc3 {B14: Caro-Kann: Panov-Botvinnik Attack with 5...e6 and 5...g6} (13. Be3 Qb6 14. Qd2 Re8 15. Rad1 Bd7 16. Bb1 Qb4 17. Qc2 g6 18. a3 Qb5 19. b4 Rac8 20. Qd2 a5 {0-1 (35) Polak,T (2520)-Navara,D (2710) Prague 2012}) 13... Be6 14. Re1 {LiveBook: 4 Games. The position is equal.} Re8 15. Rc1 Rc8 16. Qb3 $146 ({Predecessor:} 16. Qd2 Qd7 17. Kh2 Bf5 18. Bxf5 Qxf5 19. Rxe8+ Rxe8 20. Re1 Re4 {0-1 (62) Trapaidze,L (1676)-Barbageorgopoulou,F (1887) Batumi 2010}) 16... Rc7 17. Qd1 Rc8 18. Qb3 Rc7 19. Qd1 Rc8 1/2-1/2

[Event "Yingmei Cup CHN-chT 2017"]
[Site "Guangdong"]
[Date "2017.12.04"]
[Round "21"]
[White "Zhao, Xue"]
[Black "Tan, Zhongyi"]
[Result "1/2-1/2"]
[WhiteElo "2484"]
[BlackElo "2523"]
[Annotator "TA"]
[PlyCount "112"]
[EventDate "2017.??.??"]
[EventCountry "CHN"]
[SourceTitle "playchess.com"]
[Source "ChessBase"]
[SourceQuality "1"]

{[%evp 18,112,0,6,35,27,41,0,0,0,7,0,8,-5,-12,-11,0,-31,0,-58,-56,-61,-59,-50,-20,-20,-16,-16,-14,-131,-144,-132,-140,-128,-30,-30,0,0,0,-24,-25,-29,-24,-33,-27,-56,-56,-52,-28,-40,-16,-50,-18,-18,-17,-20,-15,-17,-8,-5,0,0,0,0,0,0,0,0,0,0,0,0,0,0,0,0,0,0,0,0,0,0,0,0,0,0,0,0,0,0,0,0,0,0,0,0,0]} 1. d4 Nf6 2. c4 e6 3. Nc3 Bb4 4. Qc2 O-O 5. Nf3 d5 6. Bg5 h6 {E32: Nimzo-Indian: Classical (4 Qc2): 4...0-0} 7. Bxf6 Qxf6 8. a3 Bxc3+ 9. Qxc3 dxc4 10. Qxc4 {LiveBook: 9 Games} c6 {[%cal Bc7c6,Bc6c5,Bc5d4,Bd4d3,Bd3d2][%mdl 32]} (10... Nc6 11. Qc3 Re8 12. Rd1 e5 13. d5 Nb8 14. e4 c6 15. Bc4 {½-½ (43) Ivanchuk,V (2732)-Wei,Y (2740) Hoogeveen 2017}) 11. g3 $146 ({Predecessor:} 11. e4 Nd7 12. e5 Qe7 13. Rc1 Rd8 {½-½ (31) Kalinichev,K (2190)-Zaiatz,E (2305) St Petersburg 1998}) 11... Nd7 12. Qc3 c5 13. Bg2 b6 14. Ne5 cxd4 15. Qc7 Nxe5 16. Bxa8 Ba6 {[%cal Bc8a6,Ba6c4,Bc4d5][%mdl 32]} 17. Qxa7 Bc4 (17... Bxe2 $5 18. Kxe2 d3+ 19. Kf1 Ng4 20. Qxb6 (20. Kg2 $2 Qxf2+ 21. Kh3 Ne3 $19) 20... Rxa8 $11) 18. f4 ({White should play} 18. Be4 $1 $11) 18... d3 $1 $15 {[%cal Rd3e2]} 19. fxe5 Qxe5 {[%csl Gc4,Gd3][%cal Re5e2] [#]} 20. Bf3 $1 Qe3 {[%mdl 1024] Black has compensation.} 21. Kf1 {Strongly threatening Qc7.} Rd8 {[%cal Rd3e2]} 22. Kg2 $1 {Hoping for Qe7.} Bd5 $1 {( -> ...Qxe2+)} 23. Rhe1 (23. Kh3 $1 $11 dxe2 24. Bxd5 exd5 25. Qc7) 23... d2 $17 24. Bxd5 dxe1=N+ 25. Rxe1 {[#] And now Bf3 would win.} exd5 {[%mdl 4096] Endgame KQR-KQR} ({Black should try} 25... Rxd5 $17 26. Qb8+ Kh7) 26. Qc7 $11 Qe4+ 27. Kg1 Qe3+ 28. Kg2 Re8 29. Qf4 Qb3 30. Qd2 Qc4 31. e3 Qe4+ 32. Kf2 $1 Qf5+ 33. Kg1 h5 34. Rd1 Re5 35. Qd4 {The position is equal.} Qe6 36. Rd3 b5 37. Kg2 f6 38. Rc3 h4 39. Qxh4 Rxe3 40. Rxe3 Qxe3 {KQ-KQ} 41. Qg4 Qd2+ 42. Kh3 Qd3 43. Qe6+ Kh7 44. Kg2 f5 45. Kf2 Qd4+ 46. Kf3 Qg4+ 47. Kf2 d4 48. Qe2 {Qxg4 is the strong threat.} Qh3 49. Ke1 Qh6 50. Kd1 Qc6 $1 51. Kd2 Kg6 52. Qe5 Qg2+ 53. Qe2 Qc6 54. Qe5 Qg2+ 55. Qe2 Qc6 56. Qe5 Qg2+ {Precision: White = 75%, Black = 55%.} 1/2-1/2